[Event "Skakligaen 2004-05"]
[Site "Denmark"]
[Date "2005.01.16"]
[Round "4.1"]
[White "Schandorff, Lars"]
[Black "Pedersen, Christian Kyndel"]
[Result "1-0"]
[WhiteElo "2520"]
[BlackElo "2381"]
[PlyCount "133"]
[EventDate "2004.11.06"]
[EventType "team"]
[EventRounds "7"]
[EventCountry "DEN"]
[SourceDate "2004.11.06"]
[WhiteTeam "Helsinge"]
[BlackTeam "Nordre"]
[WhiteTeamCountry "DEN"]
[BlackTeamCountry "DEN"]

1. d4 Nf6 2. c4 g6 3. Nc3 d5 4. Bg5 Ne4 5. Bh4 Nxc3 6. bxc3 Bg7 7. e3 c5 8.
cxd5 Qxd5 9. Nf3 cxd4 10. cxd4 Nc6 11. Be2 O-O 12. O-O Bf5 13. Qa4 e5 14. dxe5
Nxe5 15. Rad1 Qc6 16. Qa3 Nxf3+ 17. Bxf3 Be4 18. Rd6 Qc2 19. Rfd1 Bxf3 20. gxf3
b5 21. Qa5 Bc3 22. Qxb5 Qxa2 23. Ra6 Qb2 24. Qxb2 Bxb2 25. Rd7 Rfe8 26. Be7
Rec8 27. Raxa7 Rxa7 28. Rxa7 Kg7 29. Kg2 Bf6 30. Bd6 Rd8 31. Ra6 Re8 32. f4 Re6
33. Kf3 Re8 34. Ba3 Rc8 35. Kg3 Rb8 36. Ra7 Re8 37. h3 Rc8 38. Ra6 Re8 39. Kf3
Rc8 40. Kg3 Re8 41. Rc6 Ra8 42. Bc5 Rd8 43. Kf3 Rb8 44. Bd6 Rb7 45. Ra6 Rd7 46.
Ke4 Rb7 47. Bc5 Rd7 48. Rb6 Rd2 49. Rb8 Rd8 50. Rb7 Rd2 51. Kf3 Bh4 52. e4 Rd3+
53. Be3 Ra3 54. Rd7 Ra2 55. Bc5 Rc2 56. Rc7 Ra2 57. e5 Ra6 58. Kg4 Bd8 59. Rc8
Ra5 60. Bd6 h5+ 61. Kg3 Bb6 62. Bf8+ Kh7 63. Be7 g5 64. Bxg5 Ra2 65. Kh4 Ra3
66. Kxh5 Bxf2 67. h4 1-0

[Event "Skakligaen 2004-05"]
[Site "Denmark"]
[Date "2005.01.16"]
[Round "4.2"]
[White "Christensen, Jan Schleicher"]
[Black "Berg, Emanuel"]
[Result "0-1"]
[WhiteElo "2249"]
[BlackElo "2529"]
[PlyCount "192"]
[EventDate "2004.11.06"]
[EventType "team"]
[EventRounds "7"]
[EventCountry "DEN"]
[SourceDate "2004.11.06"]
[WhiteTeam "Nordre"]
[BlackTeam "Helsinge"]
[WhiteTeamCountry "DEN"]
[BlackTeamCountry "DEN"]

1. d4 e6 2. Nf3 Nf6 3. e3 c5 4. Bd3 Nc6 5. O-O d5 6. b3 Qc7 7. c4 dxc4 8. bxc4
e5 9. Nc3 Bg4 10. Nd5 Qd8 11. Qb3 Bxf3 12. Qxb7 Qc8 13. Qxa8 Qxa8 14. Nc7+ Kd8
15. Nxa8 Bg4 16. f3 Bd7 17. dxe5 Nxe5 18. Rd1 Bd6 19. Be2 Ke7 20. f4 Nc6 21.
Bf3 Rxa8 22. e4 Bc7 23. e5 Ne8 24. Be3 Bb6 25. Rd5 Rb8 26. Bxc5+ Bxc5+ 27. Rxc5
Nd4 28. Rd1 Nxf3+ 29. gxf3 Rb6 30. Ra5 a6 31. Rd2 Nc7 32. Kf2 Rb4 33. Rc5 Ne6
34. Ra5 Nc7 35. Rc5 Ne6 36. Ra5 Rxc4 37. Rxa6 Rxf4 38. Ra7 Nf8 39. Ke3 g5 40.
a4 Ke6 41. Rd6+ Kxe5 42. Rdxd7 Nxd7 43. Rxd7 Rxa4 44. Rxf7 Rh4 45. Kf2 Ke6 46.
Ra7 Rxh2+ 47. Kg3 Rh4 48. Ra6+ Kf5 49. Ra5+ Kf6 50. Ra6+ Kg7 51. Ra7+ Kh6 52.
Rb7 Rf4 53. Rb6+ Kg7 54. Rb7+ Kg6 55. Rb6+ Kg7 56. Rb7+ Kh6 57. Rb6+ Kh5 58.
Ra6 Rf7 59. Kg2 Rg7 60. Kg3 Rb7 61. Kh3 Rb3 62. Kg3 Rb7 63. Kh3 Rg7 64. Kg3 Rg6
65. Ra1 Rb6 66. Ra4 Kg6 67. Rc4 h5 68. Ra4 Rb5 69. Ra8 h4+ 70. Kh3 Rf5 71. Kg2
Rf6 72. Ra3 Re6 73. Kh3 Kf5 74. Ra8 Rd6 75. Rf8+ Rf6 76. Ra8 Kf4 77. Kg2 Re6
78. Ra4+ Kf5 79. Kh3 Re3 80. Kg2 Re2+ 81. Kg1 Rb2 82. Kh1 Rf2 83. Rb4 Rxf3 84.
Kg2 Rf4 85. Rb3 Kg4 86. Kh2 Rf2+ 87. Kg1 Rf3 88. Rb2 Rc3 89. Kg2 h3+ 90. Kh2
Kh4 91. Rb8 Rc2+ 92. Kh1 g4 93. Rb1 Rc4 94. Ra1 g3 95. Rb1 h2 96. Kg2 Rc2+ 0-1

[Event "Skakligaen 2004-05"]
[Site "Denmark"]
[Date "2005.01.16"]
[Round "4.3"]
[White "Hutters, Tomas"]
[Black "Petersen, Tom Petri"]
[Result "0-1"]
[WhiteElo "2446"]
[BlackElo "2228"]
[PlyCount "80"]
[EventDate "2004.11.06"]
[EventType "team"]
[EventRounds "7"]
[EventCountry "DEN"]
[SourceDate "2004.11.06"]
[WhiteTeam "Helsinge"]
[BlackTeam "Nordre"]
[WhiteTeamCountry "DEN"]
[BlackTeamCountry "DEN"]

1. d4 g6 2. c4 Bg7 3. e4 d6 4. Nc3 Nf6 5. Nf3 O-O 6. h3 e5 7. d5 c6 8. Bg5 h6
9. Be3 cxd5 10. cxd5 a6 11. a4 Nfd7 12. Nd2 f5 13. Nc4 f4 14. Bd2 Nf6 15. a5
Nbd7 16. b4 b5 17. Nxd6 Qe7 18. Nxc8 Raxc8 19. Bd3 Nh5 20. Qf3 Ndf6 21. Ne2 Nh7
22. h4 N5f6 23. Rc1 g5 24. Bb1 Kh8 25. Qb3 gxh4 26. Rxc8 Rxc8 27. Qh3 Qc7 28.
O-O Ng5 29. Qf5 Rf8 30. Rc1 Qb7 31. Qg6 h3 32. d6 Rc8 33. Rxc8+ Qxc8 34. f3
hxg2 35. Kf2 Qh3 36. Ng1 Qh1 37. d7 Nh3+ 38. Ke2 Nxg1+ 39. Kd3 Nxd7 40. Ba2 Nf6
0-1

[Event "Skakligaen 2004-05"]
[Site "Denmark"]
[Date "2005.01.16"]
[Round "4.4"]
[White "Nielsen, Poul Erik"]
[Black "Pedersen, Steffen"]
[Result "0-1"]
[WhiteElo "2211"]
[BlackElo "2434"]
[PlyCount "72"]
[EventDate "2004.11.06"]
[EventType "team"]
[EventRounds "7"]
[EventCountry "DEN"]
[SourceDate "2004.11.06"]
[WhiteTeam "Nordre"]
[BlackTeam "Helsinge"]
[WhiteTeamCountry "DEN"]
[BlackTeamCountry "DEN"]

1. g3 d5 2. Bg2 Nf6 3. d3 c6 4. Nd2 e5 5. e4 Bd6 6. Ngf3 O-O 7. O-O Re8 8. Re1
Nbd7 9. h3 a5 10. a4 Qc7 11. b3 b6 12. Bb2 Bb7 13. d4 dxe4 14. dxe5 Nxe5 15.
Nd4 Rad8 16. Nxe4 Nxe4 17. Bxe4 Bc5 18. c3 Bf8 19. f4 Ng6 20. Qf3 Rxe4 21. Qxe4
c5 22. Nb5 Qd7 23. Qc2 Qxh3 24. Qh2 Qg4 25. Bc1 Rd3 26. Be3 Qf3 27. Bf2 h5 28.
Ra2 h4 29. Rae2 hxg3 30. Bxg3 Qxg3+ 31. Qxg3 Rxg3+ 32. Kh2 Rf3 33. Re8 Nxf4 34.
Nd6 Rh3+ 35. Kg1 Rh1+ 36. Kf2 Nd3+ 0-1

[Event "Skakligaen 2004-05"]
[Site "Denmark"]
[Date "2005.01.16"]
[Round "4.5"]
[White "Berg, Klaus"]
[Black "Hoiberg, Nina"]
[Result "1-0"]
[WhiteElo "2418"]
[BlackElo "2180"]
[PlyCount "109"]
[EventDate "2004.11.06"]
[EventType "team"]
[EventRounds "7"]
[EventCountry "DEN"]
[SourceDate "2004.11.06"]
[WhiteTeam "Helsinge"]
[BlackTeam "Nordre"]
[WhiteTeamCountry "DEN"]
[BlackTeamCountry "DEN"]

1. d4 c5 2. e3 Nf6 3. c4 d5 4. Nc3 cxd4 5. exd4 dxc4 6. Bxc4 e6 7. Nf3 Be7 8.
O-O O-O 9. Re1 Nbd7 10. Bg5 Nb6 11. Bb3 h6 12. Bh4 Nbd5 13. Ne5 Nxc3 14. bxc3
Nd5 15. Bxe7 Nxe7 16. Qf3 Rb8 17. Rad1 b5 18. Rd3 Bb7 19. Qf4 Bd5 20. Bc2 Ng6
21. Nxg6 fxg6 22. Qd2 Qg5 23. Qxg5 hxg5 24. Bb3 Rb6 25. Rg3 Rc6 26. Rxg5 Rxc3
27. Bxd5 exd5 28. Rxd5 Rc2 29. f3 Rxa2 30. Rxb5 Rd2 31. Re7 Rc8 32. h3 Rcc2 33.
Rg5 Rc6 34. d5 Rd6 35. Re6 R2xd5 36. Rexg6 Rxg6 37. Rxd5 Ra6 38. Rd7 Ra2 39.
Kh2 a5 40. Ra7 a4 41. h4 Kh7 42. Kh3 a3 43. g4 Ra1 44. h5 a2 45. Kg2 Kg8 46. g5
Kf8 47. f4 Kg8 48. f5 Kh7 49. h6 Rb1 50. Rxa2 gxh6 51. g6+ Kg7 52. Ra7+ Kf6 53.
Rf7+ Ke5 54. g7 Rb2+ 55. Kh3 1-0

[Event "Skakligaen 2004-05"]
[Site "Denmark"]
[Date "2005.01.16"]
[Round "4.6"]
[White "Pedersen, Karl"]
[Black "Fries Nielsen, Niels Jorgen"]
[Result "1/2-1/2"]
[WhiteElo "2239"]
[BlackElo "2401"]
[PlyCount "60"]
[EventDate "2004.11.06"]
[EventType "team"]
[EventRounds "7"]
[EventCountry "DEN"]
[SourceDate "2004.11.06"]
[WhiteTeam "Nordre"]
[BlackTeam "Helsinge"]
[WhiteTeamCountry "DEN"]
[BlackTeamCountry "DEN"]

1. e4 c5 2. Nc3 e6 3. g3 Nc6 4. Bg2 Rb8 5. Nf3 g5 6. d3 h6 7. O-O Bg7 8. h4 g4
9. Nh2 h5 10. Be3 d6 11. f3 gxf3 12. Bxf3 Bd4 13. Bxd4 cxd4 14. Ne2 e5 15. Rf2
Nf6 16. Qd2 Rg8 17. Raf1 Be6 18. c3 Qb6 19. Kh1 Rg6 20. Bg2 Ng4 21. Nxg4 hxg4
22. h5 Rg8 23. Rf6 Rh8 24. Qg5 Qxb2 25. cxd4 Nxd4 26. Nxd4 Qxd4 27. Rxe6+ fxe6
28. h6 Kd7 29. Rf7+ Kc6 30. h7 Kb6 1/2-1/2

[Event "Skakligaen 2004-05"]
[Site "Denmark"]
[Date "2005.01.16"]
[Round "4.7"]
[White "Bekker Jensen, Simon"]
[Black "Danstrup, Niels"]
[Result "1-0"]
[WhiteElo "2405"]
[BlackElo "2109"]
[PlyCount "81"]
[EventDate "2004.11.06"]
[EventType "team"]
[EventRounds "7"]
[EventCountry "DEN"]
[SourceDate "2004.11.06"]
[WhiteTeam "Helsinge"]
[BlackTeam "Nordre"]
[WhiteTeamCountry "DEN"]
[BlackTeamCountry "DEN"]

1. d4 d5 2. c4 c6 3. Nf3 Nf6 4. Nc3 e6 5. Bg5 h6 6. Bxf6 Qxf6 7. e3 Bd6 8. a3
Qe7 9. c5 Bc7 10. e4 dxe4 11. Nxe4 Nd7 12. Bc4 O-O 13. O-O b6 14. b4 Bb7 15.
Re1 Rad8 16. Qc2 Rfe8 17. Qc3 Nf6 18. Nxf6+ Qxf6 19. a4 a5 20. Rab1 bxc5 21.
bxc5 Ba8 22. Ne5 Qf4 23. Rbd1 Rb8 24. g3 Qg5 25. f4 Qf5 26. Bd3 Qh3 27. Rb1 h5
28. Qc2 Rxb1 29. Rxb1 h4 30. Bf1 Qf5 31. Qxf5 exf5 32. Kf2 f6 33. Bc4+ Kh7 34.
Nd7 Re7 35. Nf8+ Kh6 36. Ne6 Rd7 37. Kf3 g5 38. Bd3 Re7 39. Bxf5 gxf4 40. gxf4
Rf7 41. Rg1 1-0

[Event "Skakligaen 2004-05"]
[Site "Denmark"]
[Date "2005.01.16"]
[Round "4.8"]
[White "Hansen, Per"]
[Black "Bekker Jensen, David"]
[Result "0-1"]
[WhiteElo "2275"]
[BlackElo "2158"]
[PlyCount "54"]
[EventDate "2004.11.06"]
[EventType "team"]
[EventRounds "7"]
[EventCountry "DEN"]
[SourceDate "2004.11.06"]
[WhiteTeam "Nordre"]
[BlackTeam "Helsinge"]
[WhiteTeamCountry "DEN"]
[BlackTeamCountry "DEN"]

1. d4 d5 2. c4 c6 3. Nc3 Nf6 4. Nf3 a6 5. cxd5 cxd5 6. Bg5 Ne4 7. Bh4 Qa5 8.
Qb3 e6 9. Rc1 Nxc3 10. bxc3 Ba3 11. Rc2 Nd7 12. e3 Nb6 13. Bg3 Nd7 14. Bd3 O-O
15. O-O b5 16. h3 Bb7 17. Rb1 Rac8 18. Kh1 Ba8 19. Ng1 Rfe8 20. f4 Nb6 21. Ra1
Nc4 22. Bf2 f6 23. Qb1 g6 24. Qd1 Bb2 25. Rb1 Bxc3 26. Rxc3 Qxc3 27. Be1 Nb2
0-1

[Event "Skakligaen 2004-05"]
[Site "Denmark"]
[Date "2005.01.16"]
[Round "4.1"]
[White "Hermansson, Emil"]
[Black "Hansen, Sune Berg"]
[Result "1/2-1/2"]
[WhiteElo "2414"]
[BlackElo "2558"]
[PlyCount "44"]
[EventDate "2004.11.06"]
[EventType "team"]
[EventRounds "7"]
[EventCountry "DEN"]
[SourceDate "2004.11.06"]
[WhiteTeam "K41"]
[BlackTeam "Helsingor"]
[WhiteTeamCountry "DEN"]
[BlackTeamCountry "DEN"]

1. e4 c5 2. Nf3 e6 3. d4 cxd4 4. Nxd4 a6 5. Bd3 Bc5 6. Nb3 Ba7 7. c4 Nc6 8. Nc3
d6 9. O-O Nge7 10. Qe2 O-O 11. Be3 e5 12. Bxa7 Rxa7 13. Qe3 Be6 14. Rfd1 Qb8
15. Bf1 b6 16. Rd2 Rd8 17. Rad1 h6 18. h3 Rb7 19. Nd5 a5 20. Nc3 Nb4 21. Na1
Nec6 22. Nc2 Nxc2 1/2-1/2

[Event "Skakligaen 2004-05"]
[Site "Denmark"]
[Date "2005.01.16"]
[Round "4.2"]
[White "Aagaard, Jacob"]
[Black "El Kher, Henrik"]
[Result "1-0"]
[WhiteElo "2459"]
[BlackElo "2430"]
[PlyCount "65"]
[EventDate "2004.11.06"]
[EventType "team"]
[EventRounds "7"]
[EventCountry "DEN"]
[SourceDate "2004.11.06"]
[WhiteTeam "Helsingor"]
[BlackTeam "K41"]
[WhiteTeamCountry "DEN"]
[BlackTeamCountry "DEN"]

1. e4 d6 2. d4 c6 3. Nc3 g6 4. Be3 Bh6 5. Bxh6 Nxh6 6. Qd2 Ng4 7. Nf3 Qa5 8.
Bc4 c5 9. h3 cxd4 10. Nb5 Qxd2+ 11. Nxd2 Ne5 12. Nc7+ Kd8 13. Nxa8 Nbc6 14. Bb3
g5 15. h4 g4 16. O-O-O b5 17. f4 gxf3 18. gxf3 Bb7 19. Rdg1 Bxa8 20. Rg7 Na5
21. Rhg1 Bc6 22. Rg8+ Rxg8 23. Rxg8+ Kd7 24. h5 Nac4 25. Bxc4 bxc4 26. f4 c3
27. bxc3 dxc3 28. Nb1 Nf3 29. Nxc3 e5 30. Rg7 Ke7 31. Rxh7 exf4 32. h6 Kf6 33.
Rg7 1-0

[Event "Skakligaen 2004-05"]
[Site "Denmark"]
[Date "2005.01.16"]
[Round "4.3"]
[White "Hansen, Jacob Ost"]
[Black "Holmsgaard, Henrik"]
[Result "1/2-1/2"]
[WhiteElo "2443"]
[BlackElo "2319"]
[PlyCount "59"]
[EventDate "2004.11.06"]
[EventType "team"]
[EventRounds "7"]
[EventCountry "DEN"]
[SourceDate "2004.11.06"]
[WhiteTeam "K41"]
[BlackTeam "Helsingor"]
[WhiteTeamCountry "DEN"]
[BlackTeamCountry "DEN"]

1. g3 c5 2. Bg2 Nc6 3. e4 g6 4. d3 Bg7 5. Nc3 d6 6. Nh3 e6 7. O-O Nge7 8. Be3
O-O 9. Qd2 Re8 10. Rae1 b6 11. Bh6 Bh8 12. f4 Rb8 13. g4 f5 14. gxf5 exf5 15.
Kh1 Nd4 16. Nd1 Bb7 17. c3 Ne6 18. Ne3 Ng7 19. Ng5 Qd7 20. Qc2 d5 21. exd5 Nxd5
22. Qb3 Rbd8 23. Bxg7 Kxg7 24. Nxd5 Rxe1 25. Rxe1 Bxd5 26. Bxd5 Qxd5+ 27. Qxd5
Rxd5 28. Re7+ Kg8 29. Re8+ Kg7 30. Re7+ 1/2-1/2

[Event "Skakligaen 2004-05"]
[Site "Denmark"]
[Date "2005.01.16"]
[Round "4.4"]
[White "Jorgensen, Michael"]
[Black "Lund, Silas"]
[Result "0-1"]
[WhiteElo "2192"]
[BlackElo "2296"]
[PlyCount "50"]
[EventDate "2004.11.06"]
[EventType "team"]
[EventRounds "7"]
[EventCountry "DEN"]
[SourceDate "2004.11.06"]
[WhiteTeam "Helsingor"]
[BlackTeam "K41"]
[WhiteTeamCountry "DEN"]
[BlackTeamCountry "DEN"]

1. d4 e6 2. Nf3 c5 3. g3 cxd4 4. Nxd4 d5 5. Bg2 Nf6 6. O-O e5 7. Nf3 Nc6 8. c4
d4 9. e3 Bc5 10. exd4 exd4 11. Re1+ Be6 12. Ng5 O-O 13. Rxe6 fxe6 14. Nxe6 Qb6
15. Nxf8 Rxf8 16. f4 Re8 17. Nd2 Re2 18. Qb3 d3+ 19. Kh1 Re1+ 20. Bf1 Nb4 21.
h3 Qe6 22. Kg2 Rxf1 23. Nxf1 Qe2+ 24. Kh1 Qxf1+ 25. Kh2 Qg1# 0-1

[Event "Skakligaen 2004-05"]
[Site "Denmark"]
[Date "2005.01.16"]
[Round "4.5"]
[White "Schmidt, Kristen"]
[Black "Nielsen, Nicholas Roland"]
[Result "0-1"]
[WhiteElo "2352"]
[BlackElo "2195"]
[PlyCount "108"]
[EventDate "2004.11.06"]
[EventType "team"]
[EventRounds "7"]
[EventCountry "DEN"]
[SourceDate "2004.11.06"]
[WhiteTeam "K41"]
[BlackTeam "Helsingor"]
[WhiteTeamCountry "DEN"]
[BlackTeamCountry "DEN"]

1. e4 c5 2. Nf3 Nc6 3. d4 cxd4 4. Nxd4 Nf6 5. Nc3 e5 6. Ndb5 d6 7. Bg5 a6 8.
Na3 b5 9. Bxf6 gxf6 10. Nd5 f5 11. Bd3 Be6 12. O-O Bxd5 13. exd5 Ne7 14. Re1
Bg7 15. c3 O-O 16. Nc2 e4 17. Bf1 Qc8 18. a4 Qc5 19. axb5 axb5 20. Rxa8 Rxa8
21. Nb4 Re8 22. Qd2 Ng6 23. Qe2 e3 24. fxe3 Bh6 25. Qxb5 Bxe3+ 26. Kh1 Qc8 27.
g3 f4 28. gxf4 Re7 29. Nc6 Rb7 30. Qe2 Bxf4 31. Qe8+ Qxe8 32. Rxe8+ Kg7 33. Nb4
Ne5 34. Ra8 Bc1 35. Ra2 f5 36. Kg2 f4 37. Be2 Kf6 38. Kf1 f3 39. Bd1 Rg7 40.
Nc2 Rg2 41. Ne1 Rxh2 42. Bxf3 Nxf3 43. Nxf3 Rxb2 44. Ra6 Bf4 45. c4 Rc2 46. Rc6
h5 47. Nd4 Rc1+ 48. Kg2 h4 49. Kh3 Be5 50. Nb5 Kg5 51. Nxd6 Rc3+ 52. Kg2 h3+
53. Kf2 Bg3+ 54. Ke2 Bxd6 0-1

[Event "Skakligaen 2004-05"]
[Site "Denmark"]
[Date "2005.01.16"]
[Round "4.6"]
[White "Vinther Juul, Kristian"]
[Black "Olesen, Martin"]
[Result "1/2-1/2"]
[WhiteElo "2084"]
[BlackElo "2285"]
[PlyCount "58"]
[EventDate "2004.11.06"]
[EventType "team"]
[EventRounds "7"]
[EventCountry "DEN"]
[SourceDate "2004.11.06"]
[WhiteTeam "Helsingor"]
[BlackTeam "K41"]
[WhiteTeamCountry "DEN"]
[BlackTeamCountry "DEN"]

1. e4 e5 2. Nf3 Nc6 3. Bb5 a6 4. Ba4 d6 5. d4 b5 6. Bb3 Nxd4 7. Nxd4 exd4 8. a4
Bb7 9. Qxd4 Nf6 10. O-O Be7 11. f3 O-O 12. c4 Nd7 13. Be3 b4 14. Qd1 Bf6 15.
Ra2 Qe7 16. Nd2 g6 17. Re1 Bg7 18. Nf1 Nc5 19. Bc2 a5 20. b3 Ne6 21. Bb1 c5 22.
Ng3 Rad8 23. Rf2 Bc3 24. Ref1 Bd4 25. Bxd4 Nxd4 26. f4 f5 27. exf5 gxf5 28. Re1
Qg7 29. Re3 Kh8 1/2-1/2

[Event "Skakligaen 2004-05"]
[Site "Denmark"]
[Date "2005.01.16"]
[Round "4.7"]
[White "Greger, Roland Reinhard"]
[Black "Dalsberg, Sandra de Blecourt"]
[Result "1-0"]
[WhiteElo "2311"]
[BlackElo "2066"]
[PlyCount "113"]
[EventDate "2004.11.06"]
[EventType "team"]
[EventRounds "7"]
[EventCountry "DEN"]
[SourceDate "2004.11.06"]
[WhiteTeam "K41"]
[BlackTeam "Helsingor"]
[WhiteTeamCountry "DEN"]
[BlackTeamCountry "DEN"]

1. e4 d5 2. exd5 Qxd5 3. Nc3 Qa5 4. Bc4 Nf6 5. d4 c6 6. Bd2 Bf5 7. Nf3 e6 8.
Qe2 Bb4 9. Ne5 Nbd7 10. O-O-O Qc7 11. Nxd7 Qxd7 12. d5 O-O 13. dxe6 Bxe6 14.
Bf4 Nd5 15. Nxd5 Bxd5 16. Bxd5 cxd5 17. Qd3 Rfd8 18. Be3 Rac8 19. h4 Rc6 20.
Bd4 Rdc8 21. c3 Bc5 22. Rh3 Rg6 23. Rg3 Rxg3 24. Qxg3 Bf8 25. Qf3 b6 26. h5 h6
27. Be3 Rd8 28. g4 Be7 29. Kb1 Qe6 30. Bd4 Bc5 31. a3 Qe4+ 32. Qxe4 dxe4 33.
Kc2 Bxd4 34. Rxd4 Re8 35. Kd2 f5 36. gxf5 Re5 37. Rd8+ Kf7 38. Rd7+ Kf6 39.
Rxa7 Rxf5 40. Ke3 Rxh5 41. Rb7 Re5 42. Rxb6+ Kf5 43. a4 h5 44. b4 h4 45. Rd6 h3
46. a5 h2 47. Rd1 Re8 48. Rh1 Rd8 49. Rxh2 Rd3+ 50. Ke2 Rxc3 51. Rh5+ g5 52. a6
Ra3 53. b5 Ra5 54. Rh8 Ra2+ 55. Ke3 Ra3+ 56. Kd4 Rd3+ 57. Kc5 1-0

[Event "Skakligaen 2004-05"]
[Site "Denmark"]
[Date "2005.01.16"]
[Round "4.8"]
[White "Jensen, Ib"]
[Black "Edoo, Niels"]
[Result "1-0"]
[WhiteElo "1961"]
[BlackElo "1924"]
[PlyCount "71"]
[EventDate "2004.11.06"]
[EventType "team"]
[EventRounds "7"]
[EventCountry "DEN"]
[SourceDate "2004.11.06"]
[WhiteTeam "Helsingor"]
[BlackTeam "K41"]
[WhiteTeamCountry "DEN"]
[BlackTeamCountry "DEN"]

1. d4 d5 2. Nf3 Nf6 3. e3 e6 4. Bd3 c5 5. b3 Be7 6. Nbd2 Nc6 7. O-O O-O 8. Ne5
Nb4 9. Be2 Ne4 10. Bb2 f6 11. Nd3 Nxd3 12. Bxd3 f5 13. Nf3 Bd6 14. Ne5 Bxe5 15.
dxe5 Bd7 16. Qe2 Rc8 17. c4 b6 18. Rad1 Bc6 19. f3 Ng5 20. cxd5 exd5 21. Qc2
Bd7 22. Ba6 Rc7 23. Rxd5 Qe7 24. Bc4 Kh8 25. Rd2 b5 26. Bd5 Nf7 27. f4 Nd8 28.
e4 Nc6 29. Ba3 b4 30. Bb2 h6 31. Qd3 fxe4 32. Bxe4 Be6 33. Qd6 Qxd6 34. exd6
Rcc8 35. d7 Rc7 36. Bxc6 1-0

[Event "Skakligaen 2004-05"]
[Site "Denmark"]
[Date "2005.02.06"]
[Round "5.1"]
[White "Hansen, Sune Berg"]
[Black "Nielsen, Peter Heine"]
[Result "1/2-1/2"]
[WhiteElo "2558"]
[BlackElo "2662"]
[PlyCount "51"]
[EventDate "2004.11.06"]
[EventType "team"]
[EventRounds "7"]
[EventCountry "DEN"]
[SourceDate "2004.11.06"]
[WhiteTeam "Helsingor"]
[BlackTeam "Helsinge"]
[WhiteTeamCountry "DEN"]
[BlackTeamCountry "DEN"]

1. e4 e5 2. Nf3 Nc6 3. Bb5 a6 4. Ba4 Nf6 5. d3 b5 6. Bb3 Be7 7. Nc3 d6 8. a4
Na5 9. Ba2 b4 10. Nd5 Nxd5 11. Bxd5 c6 12. Ba2 c5 13. c3 Rb8 14. d4 Qc7 15.
dxe5 dxe5 16. Bd5 bxc3 17. bxc3 O-O 18. O-O c4 19. Bg5 Rd8 20. Qe2 Bb7 21. Bxe7
Qxe7 22. Rad1 Qc7 23. Ng5 Bxd5 24. exd5 h6 25. Ne4 Nb7 26. Rfe1 1/2-1/2

[Event "Skakligaen 2004-05"]
[Site "Denmark"]
[Date "2005.02.06"]
[Round "5.2"]
[White "Schandorff, Lars"]
[Black "Holmsgaard, Henrik"]
[Result "1-0"]
[WhiteElo "2520"]
[BlackElo "2319"]
[PlyCount "97"]
[EventDate "2004.11.06"]
[EventType "team"]
[EventRounds "7"]
[EventCountry "DEN"]
[SourceDate "2004.11.06"]
[WhiteTeam "Helsinge"]
[BlackTeam "Helsingor"]
[WhiteTeamCountry "DEN"]
[BlackTeamCountry "DEN"]

1. d4 d5 2. c4 c6 3. Nf3 Nf6 4. e3 e6 5. Bd3 Nbd7 6. O-O Bd6 7. Nc3 dxc4 8.
Bxc4 b5 9. Bd3 O-O 10. a3 Bb7 11. Bd2 a5 12. Qc2 Qe7 13. Ng5 h6 14. Nge4 Bb8
15. Ne2 e5 16. N2g3 Rd8 17. Rfe1 Nd5 18. Rad1 b4 19. Bc1 Qf8 20. Nd2 Ba7 21.
Nc4 Bb8 22. Bh7+ Kh8 23. Bf5 exd4 24. exd4 c5 25. Ne4 cxd4 26. Rxd4 Ba7 27.
Rdd1 N7f6 28. Nxa5 Bxf2+ 29. Qxf2 Rxa5 30. axb4 Rb5 31. Nxf6 Nxf6 32. Be3 Rdd5
33. Bc5 Qd8 34. Bc2 Bc6 35. Be7 Qb6 36. Bxf6 Qxf2+ 37. Kxf2 gxf6 38. Rxd5 Bxd5
39. Rd1 Be6 40. Rd4 Kg7 41. Bd3 Rb8 42. b5 Kf8 43. Rh4 Ke7 44. Rxh6 Bd7 45. Rh4
Kd6 46. Rd4+ Kc7 47. Rf4 Rb6 48. Ke3 Kd8 49. Kd4 1-0

[Event "Skakligaen 2004-05"]
[Site "Denmark"]
[Date "2005.02.06"]
[Round "5.3"]
[White "Larsen, Ole Bogh"]
[Black "Berg, Emanuel"]
[Result "0-1"]
[WhiteElo "2235"]
[BlackElo "2529"]
[PlyCount "52"]
[EventDate "2004.11.06"]
[EventType "team"]
[EventRounds "7"]
[EventCountry "DEN"]
[SourceDate "2004.11.06"]
[WhiteTeam "Helsingor"]
[BlackTeam "Helsinge"]
[WhiteTeamCountry "DEN"]
[BlackTeamCountry "DEN"]

1. d4 e6 2. c4 Nf6 3. Nc3 Bb4 4. Qb3 c5 5. dxc5 Nc6 6. Nf3 Ne4 7. Bd2 Nxd2 8.
Nxd2 Bxc5 9. Nde4 Be7 10. O-O-O O-O 11. e3 a6 12. Nd6 Na5 13. Qa4 b5 14. cxb5
axb5 15. Bxb5 Ba6 16. Nb7 Nxb7 17. Rxd7 Qb6 18. Rxe7 Nc5 19. Qc4 Bxb5 20. Qxb5
Qd6 21. Rb7 Nxb7 22. Qxb7 Rab8 23. Qe4 Rxb2 24. Kxb2 Qd2+ 25. Kb3 Rb8+ 26. Ka4
Qd7+ 0-1

[Event "Skakligaen 2004-05"]
[Site "Denmark"]
[Date "2005.02.06"]
[Round "5.4"]
[White "Hutters, Tomas"]
[Black "Jorgensen, Michael"]
[Result "1-0"]
[WhiteElo "2446"]
[BlackElo "2192"]
[PlyCount "95"]
[EventDate "2004.11.06"]
[EventType "team"]
[EventRounds "7"]
[EventCountry "DEN"]
[SourceDate "2004.11.06"]
[WhiteTeam "Helsinge"]
[BlackTeam "Helsingor"]
[WhiteTeamCountry "DEN"]
[BlackTeamCountry "DEN"]

1. d4 f5 2. g3 Nf6 3. Bg2 g6 4. Nf3 Bg7 5. O-O O-O 6. b4 d6 7. Bb2 Nfd7 8. Nbd2
e5 9. dxe5 Nxe5 10. Qc1 Nbc6 11. b5 Nxf3+ 12. Nxf3 Ne5 13. Nxe5 dxe5 14. Rd1
Qf6 15. Qe3 Qb6 16. Bd5+ Kh8 17. Bxe5 Qxe3 18. Bxg7+ Kxg7 19. fxe3 Re8 20. Kf2
Rb8 21. Rab1 b6 22. Rb4 a5 23. Rc4 Re7 24. Rd3 c5 25. bxc6 Ba6 26. Rcc3 Bxd3
27. exd3 Kf6 28. d4 Rc7 29. Rb3 b5 30. c4 b4 31. c5 a4 32. Rb2 g5 33. Bf3 b3
34. a3 f4 35. gxf4 gxf4 36. e4 Ra7 37. Ke2 Rb4 38. e5+ Kf5 39. Kd3 Rb8 40. Kc3
Rg8 41. Re2 Re7 42. Be4+ Ke6 43. d5+ Kxe5 44. Bxh7+ Kf6 45. Rxe7 b2 46. Re6+
Kg5 47. c7 Rh8 48. Kxb2 1-0

[Event "Skakligaen 2004-05"]
[Site "Denmark"]
[Date "2005.02.06"]
[Round "5.5"]
[White "Nielsen, Nicholas Roland"]
[Black "Pedersen, Steffen"]
[Result "0-1"]
[WhiteElo "2195"]
[BlackElo "2434"]
[PlyCount "60"]
[EventDate "2004.11.06"]
[EventType "team"]
[EventRounds "7"]
[EventCountry "DEN"]
[SourceDate "2004.11.06"]
[WhiteTeam "Helsingor"]
[BlackTeam "Helsinge"]
[WhiteTeamCountry "DEN"]
[BlackTeamCountry "DEN"]

1. e4 c6 2. d4 d5 3. e5 Bf5 4. Nc3 e6 5. g4 Bg6 6. Nge2 c5 7. h4 h5 8. Nf4 Bh7
9. Nxh5 cxd4 10. Qxd4 Nc6 11. Bb5 Nge7 12. Bh6 Rg8 13. O-O-O a6 14. Bxc6+ Nxc6
15. Qf4 Qa5 16. Rhe1 Nb4 17. Qg5 Nxa2+ 18. Nxa2 Rc8 19. Bxg7 Rxc2+ 20. Kb1 Be7
21. Nf6+ Bxf6 22. exf6 Re2+ 23. Ka1 Rxe1 24. Rxe1 Qxe1+ 25. Qc1 Qxc1+ 26. Nxc1
Kd7 27. h5 Rc8 28. Nb3 Rc4 29. Bf8 Rxg4 30. Be7 b6 0-1

[Event "Skakligaen 2004-05"]
[Site "Denmark"]
[Date "2005.02.06"]
[Round "5.6"]
[White "Berg, Klaus"]
[Black "Vinther Juul, Kristian"]
[Result "1/2-1/2"]
[WhiteElo "2418"]
[BlackElo "2084"]
[PlyCount "51"]
[EventDate "2004.11.06"]
[EventType "team"]
[EventRounds "7"]
[EventCountry "DEN"]
[SourceDate "2004.11.06"]
[WhiteTeam "Helsinge"]
[BlackTeam "Helsingor"]
[WhiteTeamCountry "DEN"]
[BlackTeamCountry "DEN"]

1. d4 e6 2. Nf3 d5 3. c4 Nf6 4. Bg5 h6 5. Bh4 Be7 6. e3 O-O 7. Nc3 b6 8. Bd3
Bb7 9. O-O Nbd7 10. Qe2 Ne4 11. Bg3 c5 12. cxd5 Nxg3 13. hxg3 exd5 14. Rfd1 c4
15. Bc2 Re8 16. e4 dxe4 17. Bxe4 Bxe4 18. Nxe4 b5 19. a4 a6 20. Ne5 Rc8 21.
axb5 axb5 22. Qh5 Rf8 23. d5 f5 24. Nxd7 Qxd7 25. Nc3 Bc5 26. Qf3 1/2-1/2